Trabajo social familiar
Gorde:
| Egile Nagusiak: | , |
|---|---|
| Formatua: | Liburua |
| Hizkuntza: | gaztelania |
| Argitaratua: |
Santiago, Chile
Pontificia Universidad Católica de Chile
2011
|
| Edizioa: | Cuarta edición |
| Saila: | Textos Universitarios
|
| Gaiak: | |
| Sarrera elektronikoa: | Disponible Online |
| Etiketak: |
Etiketa erantsi
Etiketarik gabe, Izan zaitez lehena erregistro honi etiketa jartzen!
|
MARC
| LEADER | 00000cam a2200000 a 4500 | ||
|---|---|---|---|
| 001 | UCE4133 | ||
| 003 | CL-VaPUC | ||
| 005 | 20240401121853.0 | ||
| 008 | 141009e20110000cl |||||||||||||||||spa|d | ||
| 999 | |c 357196 |d 357194 | ||
| 020 | |a 9789561406292 | ||
| 040 | |c Pontificia Universidad Católica de Valparaíso | ||
| 082 | 0 | 4 | |a 362.82 AYL 2011 |2 21 |
| 100 | 0 | |a Aylwin Acuña, Nidia |e author |9 576717 | |
| 245 | 1 | 0 | |a Trabajo social familiar |
| 250 | |a Cuarta edición | ||
| 260 | |a Santiago, Chile |b Pontificia Universidad Católica de Chile |c 2011 | ||
| 300 | |a 326 páginas | ||
| 490 | 0 | |a Textos Universitarios | |
| 500 | |a c.6. Comodato SENDA | ||
| 583 | |a last modification |c 20141009 14:36:00 |k Rodrigo Vera | ||
| 650 | 0 | |a Trabajo social |9 307856 | |
| 650 | 0 | |a Familias |9 255641 | |
| 650 | 0 | |a Derecho de familia |9 255603 | |
| 700 | 0 | |a Solar Silva, María Olga |e author |9 576718 | |
| 856 | |u http://bibliografiadigital.pucv.cl.pucv.idm.oclc.org/index.php/bibliotecapucv/catalog/book/550 |y Disponible Online | ||
| 942 | |c BK |2 ddc | ||
| 945 | |d 20141009 14:36:00 |a arojas | ||
| 952 | |0 0 |1 0 |3 erb |4 0 |6 362_820000000000000_AYL_2011 |7 0 |8 R |9 465035 |a BIBGIM |b BIBGIM |i 5118085 |o 362.82 AYL 2011 |p 5118085 |r 2025-01-15 |w 2019-11-23 |y BK_R |z Catalogado en:20141009 |k SSL | ||
| 952 | |0 0 |1 0 |3 erb |4 0 |6 362_820000000000000_AYL_2011 |7 0 |8 R |9 465036 |a BIBGIM |b BIBGIM |i 5118093 |o 362.82 AYL 2011 |p 5118093 |r 2025-01-15 |w 2019-11-23 |y BK_R |z Catalogado en:20141009 |k SSL | ||
| 952 | |0 0 |1 0 |3 erb |4 0 |6 362_820000000000000_AYL_2011 |7 0 |8 R |9 465037 |a BIBGIM |b BIBGIM |i 5118107 |o 362.82 AYL 2011 |p 5118107 |r 2025-01-15 |w 2019-11-23 |y BK_R |z Catalogado en:20141009 |k SSL | ||
| 952 | |0 0 |1 0 |3 erb |4 0 |6 362_820000000000000_AYL_2011 |7 0 |8 R |9 465038 |a BIBGIM |b BIBGIM |i 5118115 |o 362.82 AYL 2011 |p 5118115 |r 2025-01-15 |w 2019-11-23 |y BK_R |z Catalogado en:20141009 |k SSL | ||
| 952 | |0 0 |1 0 |3 erb |4 0 |6 362_820000000000000_AYL_2011 |7 0 |8 R |9 465039 |a BIBGIM |b BIBGIM |i 5118123 |o 362.82 AYL 2011 |p 5118123 |r 2025-01-15 |w 2019-11-23 |y BK_R |z Catalogado en:20141009 |k SSL | ||
| 952 | |0 0 |1 0 |2 ddc |4 0 |6 362_820000000000000_AYL_2011 |7 0 |8 C_SENDA |9 583197 |a BIBEDU |b BIBEDU |c ES_NOD |d 2022-05-23 |e Comodato-SENDA |i 5651323 |o 362.82 AYL 2011 |p 5651323 |r 2023-08-09 |t 6 |w 2022-05-23 |x 07493005101 |y BK |k BME | ||